Probability & Statistics with Reliability, Queuing, and Computer Science applications (Record no. 610292)

000 -LEADER
fixed length control field 00471nam a22001337a 4500
020 ## - INTERNATIONAL STANDARD BOOK NUMBER
International Standard Book Number 9788120305083
040 ## - CATALOGING SOURCE
Transcribing agency Nust
082 ## - DEWEY DECIMAL CLASSIFICATION NUMBER
Classification number 519.2
Author Mark TRI
100 ## - MAIN ENTRY--PERSONAL NAME
Personal name Kishore S. Trivedi
9 (RLIN) 124427
245 ## - TITLE STATEMENT
Title Probability & Statistics with Reliability, Queuing, and Computer Science applications
260 ## - PUBLICATION, DISTRIBUTION, ETC.
Place of publication, distribution, etc. New Delhi:
Name of publisher, distributor, etc. PHI Learning Pvt Ltd,
Date of publication, distribution, etc. 1992.
650 ## - SUBJECT ADDED ENTRY--TOPICAL TERM
Topical term or geographic name entry element Probability & Statistics with Reliability, Queuing, and Computer Science applications
9 (RLIN) 124428
942 ## - ADDED ENTRY ELEMENTS (KOHA)
Source of classification or shelving scheme
Koha item type Book
Holdings
Withdrawn status Lost status Source of classification or shelving scheme Damaged status Not for loan Permanent Location Current Location Shelving location Date acquired Total Checkouts Full call number Barcode Date last seen Price effective from Koha item type
          College of Electrical & Mechanical Engineering (CEME) College of Electrical & Mechanical Engineering (CEME) General Stacks 07/11/2024   519.2 TRI CEME- 46850 07/11/2024 07/11/2024 Book
© 2023 Central Library, National University of Sciences and Technology. All Rights Reserved.